000 02190cam a22003734a 4500
001 16608134
005 20150121135747.0
008 110112s2011 miu b 001 0 eng
010 _a 2011001263
020 _a9780737751598 (hardcover)
020 _a0737751592 (hardcover)
020 _a9780737751604 (pbk.)
020 _a0737751606 (pbk.)
035 _a(OCoLC)ocn696778678
040 _aDLC
_cDLC
_dMLY
_dDAY
_dYDXCP
_dBWX
_dDLC
042 _apcc
043 _an-us---
050 0 0 _aP 96.O242
_b.M489 2011
082 0 0 _a302.23
245 0 0 _aMedia bias /
_cSusan Hunnicutt, book editor.
260 _aDetroit :
_bGreenhaven Press,
_c2011.
300 _a121 pages :
_c24 cm.
490 1 _aAt issue
504 _aIncludes bibliographical references (p. 108-114) and index.
505 0 _aHow the digital terrain is changing the way Americans get their news / Kristen Purcell, Lee Rainie, Amy Mitchell, Tom Rosenstiel, and Kenny Olmstead -- The media have always been biased / Jeremy D. Boreing -- Journalists must strive for objectivity / David Brooks -- Journalism's quest for objectivity has actually created a moral void / Chris Hedges -- It is naïve to think that journalists can avoid bias / Andrew R. Cline -- The transparency of the new social media erases the need for objectivity / Matthew Ingram -- Verification is more important than objectivity / Jack Shafer -- The mainstream media are biased in favor of the Democratic party / Dan Whitfield -- The mainstream media tilt toward the Republicans / Jonathan Weiler -- Bias in the business media contributed to the financial crisis / Dean Starkman -- Business media bias did not contribute to the financial crisis / Chris Roush -- Bias often distorts the reporting of science news / Charles W. Schmidt.
521 _aMedia Arts
650 0 _aMass media
_xObjectivity
_zUnited States.
650 0 _aJournalism
_xObjectivity
_zUnited States.
700 1 _aHunnicutt, Susan.
830 0 _aAt issue.
_pMass media.
906 _a7
_bcbc
_corignew
_d1
_eecip
_f20
_gy-gencatlg
942 _2lcc
_cBK
_kFOR
999 _c277098
_d277098